| 000 | 00500ntaaa2200181 4500 | ||
|---|---|---|---|
| 003 | 01 | ||
| 005 | 20251027202647.0 | ||
| 008 | 0714s1973 ag 01 | ||
| 040 |
_aAR-BaBN _bspa _cAR-BaBN _eaacr _dRIC |
||
| 082 | _a377.1000 C16 | ||
| 100 |
_aCanclini, Santiago _91475 |
||
| 245 | _aPor qué los cristianos evangélicos defendemos la escuela laica | ||
| 250 | _a1 ed. | ||
| 260 |
_aBuenos Aires : _bImprenta Metodista, _cc1944 |
||
| 300 | _a44 p | ||
| 650 |
_aeducación-religión _918589 |
||
| 942 | _cBK | ||
| 999 |
_c21771 _d21771 |
||